Équipe du Borussia Dortmund Champions League 2024/2025 - Statistiques

Statistiques générales
  • Ce quiz a été pris 29 fois
  • Le résultat moyen est 14 sur 25
Statistiques - réponses
Par images Réponse % Correct
Gregor Kobel
100%
Emre Can
90%
Niklas Süle
90%
Julian Brandt
86%
Marcel Sabitzer
79%
Nico Schlotterbeck
79%
Karim Adeyemi
76%
Serhou Guirassy
76%
Giovanni Reyna
72%
Jamie Gittens
66%
Ramy Bensebaini
62%
Julian Ryerson
55%
Felix Nmecha
52%
Waldemar Anton
52%
Maximilian Beier
48%
Pascal Gross
48%
Yan Couto
48%
Salih Özcan
45%
Daniel Svensson
38%
Alexander Meyer
34%
Carney Chukwuemeka
28%
Marcel Lotka
28%
Kjell Wätjen
17%
Ayman Azhil
14%
Silas Ostrzinski
7%
Aucun quiz correspondant
Distribution des résultats
% des personnes avec chaque résultat
Percentile par nombre de réponses
Votre historique - résultats
Vous n’avez pas pris ce quiz